000 00326nam a2200121Ia 4500
008 220216s9999 xx 000 0 und d
100 _aParkinson D
245 0 _aBehaviour of natural rubber and GR-S under repeated stress cycles
260 _bIRI Transactions
_c1945
300 _a67-77
700 _aBloxham J L
942 _cJS
999 _c54689
_d54689